| 000 | 00545nam a22001577a 4500 | ||
|---|---|---|---|
| 005 | 20150209100157.0 | ||
| 008 | 150209b xxu||||| |||| 00| 0 eng d | ||
| 020 | _a9780007410170 | ||
| 050 |
_aQA 36.5 _b.M364 2011 |
||
| 100 | _aMarsden, Isabel. | ||
| 245 |
_aEdexcel IGCSE maths : _bteacher's pack / _cIsabel Marsden and Chris Pearce. |
||
| 260 |
_aLondon : _bHarperCollins Publishers Ltd., _cc2011. |
||
| 300 |
_a379 pages : _billustrations ; _c28 cm. _e+ 1 CD ROM (3/4) inches. |
||
| 650 |
_aMathematics _xStudy and teaching. |
||
| 942 |
_2lcc _cBK |
||
| 999 |
_c282551 _d282551 |
||